Teacher's Manual for a Foundation Course in Human Values and Professional Ethics (Record no. 369668)

MARC details
000 -LEADER
fixed length control field 00842nam a2200217 4500
005 - DATE AND TIME OF LATEST TRANSACTION
control field 20260103154646.0
008 - FIXED-LENGTH DATA ELEMENTS--GENERAL INFORMATION
fixed length control field 260102b |||||||| |||| 00| 0 eng d
020 ## - INTERNATIONAL STANDARD BOOK NUMBER
International Standard Book Number 9788195770359
041 ## - LANGUAGE CODE
Language code of text/sound track or separate title English
082 ## - DEWEY DECIMAL CLASSIFICATION NUMBER
Classification number 170
Item number GAU
100 ## - MAIN ENTRY--PERSONAL NAME
Author Gaur R. R.
245 ## - TITLE STATEMENT
Title Teacher's Manual for a Foundation Course in Human Values and Professional Ethics
250 ## - EDITION STATEMENT
Edition statement 3rd
260 ## - PUBLICATION, DISTRIBUTION, ETC.
Place of publication, distribution, etc. Delhi
Name of publisher, distributor, etc. UHV Publications
Date of publication, distribution, etc. 2023
300 ## - PHYSICAL DESCRIPTION
Extent 180
365 ## - TRADE PRICE
Price amount 249.00
Currency code RS.00
520 ## - SUMMARY, ETC.
Summary, etc. Module 1 Introduction to Value Education<br/>Module 2 Harmany in the Human Being<br/>Module 3 Harmany in the Family and Society <br/>Module 4 Harmany in the Nature (Existence)<br/>Module 5 Implications of the Holistic Understanding – A Look at Professional Ethics<br/><br/>
650 ## - SUBJECT ADDED ENTRY--TOPICAL TERM
Topical term or geographic name entry element Ethics
700 ## - ADDED ENTRY--PERSONAL NAME
Personal name Asthana R.
-- Bagaria G. P.
942 ## - ADDED ENTRY ELEMENTS (KOHA)
Koha item type Books
Holdings
Withdrawn status Lost status Source of classification or shelving scheme Damaged status Not for loan Home library Current library Date acquired Vendor Net Price Bill number Total Checkouts Full call number Barcode Date last seen Discount Actual Price Bill Date Koha item type
    Dewey Decimal Classification     School of Fashion Technology School of Fashion Technology 29/12/2025 PHI 249.00 GST?25-26/1608   170 GAU SOFT-BK-4762 02/01/2026   249.00 02/01/2026 Books
    Dewey Decimal Classification     School of Fashion Technology School of Fashion Technology 29/12/2025 PHI 249.00 GST?25-26/1608   170 GAU SOFT-BK-4763 02/01/2026   249.00 02/01/2026 Books